Facilitating learning: (Record no. 697)
[ view plain ]
| 000 -LEADER | |
|---|---|
| fixed length control field | 00707nam a22001937a 4500 |
| 005 - DATE AND TIME OF LATEST TRANSACTION | |
| control field | 20230710032228.0 |
| 008 - FIXED-LENGTH DATA ELEMENTS--GENERAL INFORMATION | |
| fixed length control field | 230127b |||||||| |||| 00| 0 eng d |
| 020 ## - INTERNATIONAL STANDARD BOOK NUMBER | |
| International Standard Book Number | 971-685-775-7 |
| 082 ## - DEWEY DECIMAL CLASSIFICATION NUMBER | |
| Classification number | Fil. 370.1523 L933 2014 |
| 100 ## - MAIN ENTRY--PERSONAL NAME | |
| Personal name | Lucas, Maria Rita D. |
| Relator term | author |
| 245 ## - TITLE STATEMENT | |
| Title | Facilitating learning: |
| Remainder of title | a metacognitive process / |
| Statement of responsibility, etc. | Maria Rita D Lucas, Brenda B. Corpuz |
| 250 ## - EDITION STATEMENT | |
| Edition statement | 4th ed. |
| 260 ## - PUBLICATION, DISTRIBUTION, ETC. | |
| Place of publication, distribution, etc. | Quezon City: |
| Name of publisher, distributor, etc. | Lorimar Publishing, |
| Date of publication, distribution, etc. | c2014. |
| 300 ## - PHYSICAL DESCRIPTION | |
| Extent | xiv, 298p.; |
| Other physical details | ill. |
| 504 ## - BIBLIOGRAPHY, ETC. NOTE | |
| Bibliography, etc. note | Includes bibliographical references |
| 541 ## - IMMEDIATE SOURCE OF ACQUISITION NOTE | |
| Accession number | 4629 c.1 4630 c.2 4631 c.3, 4632 c.4, 4633 c.5, 5025 c.6, 5026 c.7, 5027 c.8, 5028 c.9, 5029 c.10 |
| 650 ## - SUBJECT ADDED ENTRY--TOPICAL TERM | |
| Topical term or geographic name entry element | Learning, |
| 650 ## - SUBJECT ADDED ENTRY--TOPICAL TERM | |
| Topical term or geographic name entry element | Learning, Psychology of |
| Withdrawn status | Lost status | Source of classification or shelving scheme | Damaged status | Not for loan | Home library | Current library | Date acquired | Total Checkouts | Full call number | Barcode | Date last seen | Copy number | Price effective from | Koha item type | Date last checked out |
|---|---|---|---|---|---|---|---|---|---|---|---|---|---|---|---|
| Dewey Decimal Classification | ctu-moalboal | ctu-moalboal | 05/06/2016 | Fil. 370.1523 L933 2014 | 4629 | 08/07/2025 | 1 | 01/27/2023 | Books-Filipiniana | ||||||
| Dewey Decimal Classification | ctu-moalboal | ctu-moalboal | 05/06/2016 | 4 | Fil. 370.1523 L933 2014 | 4630 | 05/09/2024 | 2 | 01/27/2023 | Books-Filipiniana | 05/09/2024 | ||||
| Dewey Decimal Classification | ctu-moalboal | ctu-moalboal | 05/06/2016 | 2 | Fil. 370.1523 L933 2014 | 4631 | 05/23/2024 | 3 | 01/27/2023 | Books-Filipiniana | 05/23/2024 | ||||
| Dewey Decimal Classification | ctu-moalboal | ctu-moalboal | 05/06/2016 | Fil. 370.1523 L933 2014 | 4632 | 01/27/2023 | 4 | 01/27/2023 | Books-Filipiniana | ||||||
| Dewey Decimal Classification | ctu-moalboal | ctu-moalboal | 05/06/2016 | 2 | Fil. 370.1523 L933 2014 | 4633 | 08/22/2025 | 5 | 01/27/2023 | Books-Filipiniana | 06/19/2023 | ||||
| Dewey Decimal Classification | ctu-moalboal | ctu-moalboal | 01/04/2017 | Fil. 370.1523 L933 2014 | 5025 | 01/27/2023 | 6 | 01/27/2023 | Books-Filipiniana | ||||||
| Dewey Decimal Classification | ctu-moalboal | ctu-moalboal | 01/04/2017 | Fil. 370.1523 L933 2014 | 5026 | 01/27/2023 | 7 | 01/27/2023 | Books-Filipiniana | ||||||
| Dewey Decimal Classification | ctu-moalboal | ctu-moalboal | 01/04/2017 | Fil. 370.1523 L933 2014 | 5027 | 04/13/2024 | 8 | 01/27/2023 | Books-Filipiniana | ||||||
| Dewey Decimal Classification | ctu-moalboal | ctu-moalboal | 01/04/2017 | Fil. 370.1523 L933 2014 | 5028 | 01/27/2023 | 9 | 01/27/2023 | Books-Filipiniana | ||||||
| Dewey Decimal Classification | ctu-moalboal | ctu-moalboal | 01/04/2017 | Fil. 370.1523 L933 2014 | 5029 | 01/27/2023 | 10 | 01/27/2023 | Books-Filipiniana |